Difficult French verbs (deux) - Statistics

General Stats
  • This quiz has been taken 15 times
    14 since last reset
  • The average score is 14 of 23
Answer Stats
English French % Correct
Decline (say no) Décliner
100%
Deduce Déduire
83%
Define Définir
83%
Deceive Décevoir
75%
Deport Déporter
75%
Emit Emettre
75%
Disembark Débarquer
67%
Disorient Déboussoler
67%
Defrost Décongeler
67%
Deprive Priver
67%
Get engaged Se fiancer
67%
Do without, go without Se priver de
67%
Delay Tarder
67%
Do someone's hair Coiffer
58%
Devastate Saccager
58%
Entertain Divertir
50%
Dye Teindre
50%
Ease (lessen) Alléger
42%
Dazzle Eblouir
42%
Doze Somnoler
42%
Dent Cabosser
33%
Divide up Répartir
33%
Fiddle with Tripoter
33%
No matching quizzes found
Score Distribution
Percent of People with Each Score
Percentile by Number Answered
Your Score History
You have not taken this quiz since the last reset